000 00838nam a22002297a 4500
005 20240129153043.0
010 _aENG-139075
020 _a9788181714787
_c4500.00
035 _aEN-122607
037 _bDBAD/PUB
082 _a591.954
100 _aChandra, Kailash
_961402
245 _aFaunal Diversity of Indian Himalaya/
_cKailash Chandra,Devanshu Gupta,K.C.Gopi, Basudev Tripathy and Vikash Kumar
260 _c2018
_bPublished at the Publication Division by the Director, Zoological Survey of India,
_aKolkata
270 _aM-Block, New Alipore,
_bKolkata
_e700006
300 _c31cm(hbk)
_a872p.
500 _aIncludes bibliographical references and index
700 _960908
_aAvtar Kaur Sindhu
700 _aC. Raghunathan
_960915
700 _aT. Kubendran
_960916
942 _cEN
_2ddc
_mCHA
_h591.954
999 _c200438
_d200438